| 000 | 01111nam a22003497a 4500 | ||
|---|---|---|---|
| 001 | BR7801556 | ||
| 003 | BR-BrBNA | ||
| 005 | 20230928085543.0 | ||
| 007 | ta | ||
| 008 | 230509b bl.||||| |||| 00| 0 por d | ||
| 040 |
_aBR-BrBNA _bpor _cBiblioteca Nacional de Agricultura |
||
| 041 | _a(Por) | ||
| 072 |
_aF25; F60 _b0336 _b3840 _b/G514 _b/GZ74 |
||
| 090 | _ 0336 BR7801556 | ||
| 100 | 1 | _aAraujo, J.P. de | |
| 110 | 1 |
_aEscola Superior de Agricultura de Lavras, MG (Brasil) _0Tese (Mestrado) |
|
| 245 | 1 | _aEfeito da calagem na producao de materia seca de soja (Glycine max L. Merril), em tres latossolos sob cerrado: quantidade e relacao CaO:MgO do corretivo [Brasil] | |
| 260 | 3 |
_aLavras, MG (Brasil): _c1977. |
|
| 300 | _a67 p. | ||
| 500 | _a22 illus.; Bibliography (60 ref.); Summaries (Eng, Por) | ||
| 650 | _aSoja | ||
| 650 | _aCalagem | ||
| 650 | _aAdubacao | ||
| 650 | _aFertilizante | ||
| 650 | _aOxido de magnesio | ||
| 650 | _aMateria seca | ||
| 650 | _aCurva de crescimento | ||
| 650 | _aLatossolo | ||
| 650 | _aCerrado | ||
| 909 |
_a202309 _bLucia _c55 _dLucia Elande |
||
| 942 | _cBK | ||
| 999 |
_c25065 _d25065 |
||